00832nam a2200193 a 4500008004100000020001500041050001900056100002100075245016600096260009500262300001800357350000900375500004700384650005900431650006000490650005700550650001100607700002000618070813s2007 ||||||||||||||||| || u a9991131450 aHD 7288.72 Old aOldfield, Sophie10aCrowded houses, gendered spaces and generational differences: the inter-relationship between housing politics and household dynamics in New Crossroads, Cape Town aRoma, LesothobInstitute of Southern African Studies, National University of Lesothoc2007 ai, 73p.; ill. a0.00 aGRUPHEL IV programme research report no. 9 aDISCRIMINATION,SEXUAL--HOUSES--AFRICA,SOUTH--CAPE TOWN aGENDER DISCRICMINATION--HOUSES--AFRICA,SOUTH--CAPE TOWN aSEX DISCRIMINATION--HOUSES--AFRICA, SOUTH--CAPE TOWN aGENDER aBoulton, Joanne